000 00524 a2200157 4500
999 _c1159
_d1159
020 _a9788131724798
050 _aJZ1242.GOL 2009
100 _aGoldstein., Joshua
_d1952-
245 _aInternational relations /
_cJoshua S. Goldstein and Jon C Pevehouse
264 _aNew York, NY :
_bHarperCollins College Publishers,
_c2009
300 _axxiii, 599 pages : illustrations, maps ; 23 cm
500 _aIncludes indexes.
650 _aInternational relations.
700 _aJon C Pevehouse
942 _2lcc
_cBK
_h1242
_iGOL
_kJZ